Statistics for Five Fastest Growing Countries by Continent

Click here to take the quiz!

General Stats

  • This quiz has been taken 118 times
  • The average score is 12 of 30

Answer Stats

Continent % Country % Correct
Africa3.28 %Niger
73%
South America1.37 %Ecuador
54%
South America1.60 %Bolivia
52%
North America1.86 %Guatemala
51%
South America1.42 %Venezuela
51%
North America1.74 %Honduras
51%
South America1.12 %Suriname
51%
Oceania1.84 %Papua New Guinea
51%
South America1.19 %Paraguay
49%
Asia2.71 %United Arab Emirates
48%
Oceania2.07 %Solomon Islands
47%
North America1.35 %Panama
47%
Asia3.58 %Qatar
42%
Oceania1.18 %Kiribati
42%
Oceania2.01 %Vanuatu
42%
Oceania1.72 %Marshall Islands
41%
Europe1.20 %Ireland
39%
North America1.25 %Dominican Republic
38%
Africa3.24 %Uganda
38%
North America1.92 %Belize
37%
Europe1.19 %Norway
34%
Europe1.12 %Luxembourg
31%
Africa3.28 %Burundi
30%
Europe0.82 %Liechtenstein
27%
Europe0.87 %San Marino
27%
Asia2.72 %Yemen
27%
Asia9.37 %Lebanon
26%
Africa3.33 %Malawi
23%
Asia3.86 %Jordan
19%
Africa4.36 %Zimbabwe
13%

Score Distribution

Percentile by Number Answered

Percent of People with Each Score

Your Score History

You have not taken this quiz